000 00348nam a2200145Ia 4500
100 _aKESAVAN/R./ ELANCHEZIAN/C.
942 _cBK
366 _f20
654 _aPROCESS PLANNING
245 _aPROCESS PLANNING & COST ESTIMATION
260 _bNEW AGE INTL.PUBL
_aNew Delhi
_c2005
082 _a658.577/KES/ELA
300 _a242
546 _aENGLISH
999 _c24302
_d24302